Politické ideologie /

Saved in:
Bibliographic Details
Main Author: Heywood, Andrew (Author)
Format: Book
Language:Czech
Published: Praha : Victoria Publishing, a.s, 1994
Edition:1. vyd.
Tags: Add Tag
No Tags, Be the first to tag this record!

MARC

LEADER 00000nam a22000003a 4500
001 stu32821
005 20150617225732.6
008 960603s1994----xr------------------cze-d
020 |a 80-85865-10-6 
040 |a STU  |b slo 
041 0 |a cze 
044 |a xr 
080 |a 32 
100 1 |a Heywood, Andrew  |4 aut 
245 1 |a Politické ideologie /  |c [aut.] Heywood,Andrew 
250 |a 1. vyd. 
260 |a Praha :  |b Victoria Publishing, a.s,  |c 1994 
300 |a 293 s 
996 |b J92379  |c J*92379  |l JJSK  |s A  |a 24  |w stu32821_0001